| 000 | 00000ngm##2200000za#4500 |
| 001 | 9.645963 |
| 003 | CaOODSP |
| 005 | 20200328024919 |
| 007 | vf |b|||| |
| 008 | 150407|1995||||xxc--- | fq v|eng|d |
| 020 | |a0-662-23623-8 |
| 040 | |aCaOODSP|beng |
| 043 | |an-cn--- |
| 086 | 1 |aP35-85/1995E-V |
| 110 | 1 |aCanada.|bPublic Works and Government Services Canada. |bReal Property Services Branch. |
| 245 | 10|aSt: Andrews lock and dam : |h[videorecording]|bLockport, Manitoba / |cIssued by the Real Property Services Branch. |
| 260 | |aEdmonton - Alberta : |bPublic Works and Government Services Canada. |c1995. |
| 300 | |a1 videocassette (1 vHS), 12:30 min. |
| 590 | |a95-45|b1995-11-10 |
| 690 | 07|aDams|2gcpds |
| 775 | 08|tSt. Andrews lock and dam : |w(CaOODSP)9.645909 |